Tìm hiểu câu đố người Việt

Trình bày khái luận về câu đố người Việt, phân biệt câu đố với các kiểu dạng đố thường gặp như tìm hiểu về hình thức, nội dung câu đố, sự phân loại cảu câu đố, cùng cách đố và giải của câu đố. Tuyển tập các câu đố về các hiện tượng tự nhiên, thực vật, động vật...

Fuld beskrivelse

Đã lưu trong:
Bibliografiske detaljer
Hovedforfatter: Triều Nguyên
Format: Bog
Sprog:Vietnamese
Udgivet: H. Khoa học xã hội 2010
Fag:
Tags: Tilføj Tag
Ingen Tags, Vær først til at tagge denne postø!
Thư viện lưu trữ: Mạng thư viện Đại học Đà Nẵng
LEADER 01631aam a22003738a 4500
001 000007031
003 3192
005 20111014071047.0
008 110926s2010 viesd
020 |d 2000b 
041 0 |a vie 
082 1 4 |2 14  |a 398.209597  |b TR-N 
100 1 |a Triều Nguyên 
245 1 0 |a Tìm hiểu câu đố người Việt  |c Triều Nguyên 
260 |a H.  |b Khoa học xã hội  |c 2010 
300 |a 496tr.  |c 21cm 
500 |a ĐTTS ghi: Hội Văn nghệ dân gian Việt Nam 
504 |a Phụ lục: tr. 411-485. - Thư mục: tr. 491-494 
520 |a Trình bày khái luận về câu đố người Việt, phân biệt câu đố với các kiểu dạng đố thường gặp như tìm hiểu về hình thức, nội dung câu đố, sự phân loại cảu câu đố, cùng cách đố và giải của câu đố. Tuyển tập các câu đố về các hiện tượng tự nhiên, thực vật, động vật 
650 7 |2 Bộ TK TVQG  |a Câu đố 
650 7 |2 Bộ TK TVQG  |a Nghiên cứu văn học 
650 7 |2 Bộ TK TVQG  |a Văn hóa dân gian 
651 7 |2 Bộ TK TVQG  |a Việt Nam 
910 |a Minh  |d 26/9/2011 
OWN |a LSP 
AVA |a UDN50  |b LSP  |d 398.209597 TR-N  |e available  |t Error 5001 Not defined in file expand_doc_bib_avail.  |f 1  |g 0  |h N  |i 0  |k 1 
999 |a From the UDN01 
AVA |a UDN50  |b LSP  |d 398.209597 TR-N  |e available  |t Error 5001 Not defined in file expand_doc_bib_avail.  |f 1  |g 0  |h N  |i 0  |k 1 
TYP |a Monograph 
TYP |a Printed language 
980 |a Mạng thư viện Đại học Đà Nẵng